Las fuentes de la poesía (Record no. 163924)

MARC details
000 -LEADER
campo de control de longitud fija 00558nam a2200157 i 4500
001 - NÚMERO DE CONTROL
campo de control 163924
003 - IDENTIFICADOR DE NÚMERO DE CONTROL
campo de control ES-MaACL
005 - FECHA Y HORA DE LA ÚLTIMA TRANSACCIÓN
campo de control 20230906212834.0
008 - DATOS DE LONGITUD FIJA--INFORMACIÓN GENERAL
campo de control de longitud fija 990413s1885 sp |||| | spa d
040 ## - FUENTE DE CATALOGACIÓN
Centro catalogador/agencia de origen CCPB | B
Lengua de catalogación spa
Centro/agencia transcriptor CCPB | B
100 1# - ENTRADA PRINCIPAL--NOMBRE DE PERSONA
Nombre de persona Romeo y Belloc, Bernabé.
9 (RLIN) 132027
245 14 - MENCIÓN DEL TÍTULO
Título Las fuentes de la poesía
Resto del título : [poesías] /
Mención de responsabilidad, etc. obrita original de Bernabé Francisco Romeo y Belloc.
260 ## - PUBLICACIÓN, DISTRIBUCIÓN, ETC.
Lugar de publicación, distribución, etc. Zaragoza :
Nombre del editor, distribuidor, etc. [s.n.],
Fecha de publicación, distribución, etc. 1885 (
Fabricante Est. Tip. de C. Ariño)
300 ## - DESCRIPCIÓN FÍSICA
Extensión 281 p. ;
Dimensiones 23 cm.
852 ## - LOCALIZACIÓN
Ubicación ES-MaACL
Número de control de estantería G-7970
Nota libre - Enc. tela con hierros dorados
Holdings
Estatus retirado Estado de pérdida Estado de daño No para préstamo Colección Biblioteca de origen Biblioteca actual Ubicación en estantería Fecha de adquisición Fuente de adquisición Total de préstamos Signatura topográfica completa Código de barras Visto por última vez Precio de reemplazo Tipo de ítem Koha
        Libros del s. XIX Biblioteca del Ateneo de Madrid Biblioteca del Ateneo de Madrid Sala Pecera Planta 3 17/01/2008     G-7970 1171797 23/02/2023 23/02/2023 Libro impreso antiguo